000 00460nam a2200169Ia 4500
999 _c10413
_d10413
003 OSt
005 20220316141445.0
008 220308s9999 xx 000 0 und d
020 _a9783899862133
082 _a724.6
_bMES
100 _a Jons Messedat
245 0 _aRetail Architecture S-XXL : Entwicklung, Gestaltung, Projekte = Development, design, projects
260 _b AVEdition; Bilingual edition 
365 _cGBP
365 _d45
942 _2ddc